| 000 | 00300 a2200109 4500 | ||
|---|---|---|---|
| 999 |
_c243408 _d243408 |
||
| 001 | 8335 | ||
| 003 | NUST | ||
| 005 | 20180118190208.0 | ||
| 008 | 180118b xxu||||| |||| 00| 0 eng d | ||
| 082 | _a621.31921 ROM | ||
| 100 |
_aRomanowitz, H A _98976 |
||
| 245 |
_aelectrical fundamentals and circuits analysis (664-B actioned) _hEnglish |
||
| 260 |
_bWiley _a1966 |
||
| 942 |
_aNUST-CAE _cBK _cBK _k621.31921 ROM _2ddc |
||